Zbierka úloh z logiky
Na minha lista:
| Formato: | Livro |
|---|---|
| Idioma: | eslovaco |
| Publicado em: |
Banská Bystrica
Učebné pomôcky
1990
|
| Edição: | 1. vyd. |
| Tags: |
Sem tags, seja o primeiro a adicionar uma tag!
|
MARC
| LEADER | 00000nam a2200000 4500 | ||
|---|---|---|---|
| 001 | c040228 | ||
| 005 | 20250818114525.7 | ||
| 041 | 0 | |a slo | |
| 044 | |a SK | ||
| 245 | 1 | 0 | |a Zbierka úloh z logiky |c Eduard Nižňanský |
| 250 | |a 1. vyd. | ||
| 264 | 1 | |a Banská Bystrica |b Učebné pomôcky |c 1990 | |
| 300 | |a 50 s. | ||